MARC

LEADER 00000nam0a2200000 4500
001 371702
005 20231102012415.0
035 |a (RuTPU)RU\TPU\retro\29112 
090 |a 371702 
100 |a 20221107d1978 m y0rusy50 ca 
101 0 |a rus 
102 |a UA 
105 |a y j 001zy 
200 1 |a Вопросы геологии угольных шахт и карьеров  |e учебное пособие  |f Я. М. Черноусов, А. Я. Черноусов  |g Днепропетровский горный институт 
210 |a Днепропетровск  |c [Б. и.]  |d 1978 
215 |a 114 с. 
320 |a Библиогр.: с. 111-112 
606 1 |a Угольная промышленность  |2 stltpush  |3 (RuTPU)RU\TPU\subj\72515  |9 85992 
610 1 |a уголь 
610 1 |a образование 
610 1 |a состав 
610 1 |a свойства 
610 1 |a угольные пласты 
610 1 |a тектонические нарушения 
610 1 |a атектонические нарушения 
610 1 |a строение 
610 1 |a трещиноватость 
610 1 |a синонимика 
610 1 |a газоносность 
610 1 |a гидрогеологические условия 
610 1 |a инженерно-геологические условия 
610 1 |a горные породы 
610 1 |a пучение 
610 1 |a учебные пособия 
675 |a 622.333(075.8)  |v 4 
700 1 |a Черноусов  |b Я. М.  |g Яков Михайлович 
701 1 |a Черноусов  |b А. Я.  |g Александр Яковлевич 
712 0 2 |a Днепропетровский горный институт  |c (1923-1993)  |2 stltpush  |3 (RuTPU)RU\TPU\col\13485  |9 25689 
801 1 |a RU  |b 63413507  |c 20221107 
942 |c BK